000 00908cam a22002534a 4500
005 20250605163941.0
008 250528s ||||||||||||||||||||||||d
035 _a15015
020 _a915835029
040 _aGR-AtMCL
_bgre
_dGR-AtMCL
_eAACR2
245 1 _aThe PC-SIG Library / A Directory of Public Domain and User Supported Software for the IBM-PC, PC jr, and Compatibles
250 _a3rd
260 _c1986
300 _a346
520 _aThis book list hundreds of topically arranged programs, applications, and program subroutines designed to run on the IBM-PC and compatibles. Introduction, Getting Started, Program Descriptions, Disk Contents, Indexes, Miscellaneous.
700 1 _aBollet Elvin
_9845
700 1 _aGray Hazel
_9846
700 1 _aPetersen Richard
_9847
700 1 _aWatson Richard
_9848
942 _cBK
710 2 _aPc Software
_99715
999 _c620
_d620